LEADER 01924nam 2200409Ia 450 001 996395382803316 005 20210104171635.0 035 $a(CKB)3810000000017704 035 $a(EEBO)2240937688 035 $a(OCoLC)ocn751971025e 035 $a(OCoLC)751971025 035 $a(EXLCZ)993810000000017704 100 $a20110912d1605 uy 0 101 0 $aeng 135 $aurbn||||a|bb| 200 10$aBy the King$b[electronic resource] $eWhereas one Thomas Percy a gentleman pensioner to his Maiestie, is discouered to haue bene priuy to one of the most horrible treasons that euer was contriued, that is, to haue blowen vp this day, while his Maiestie should haue bene in the vpper house of the Parliament, attended with the Queen, the Prince, all his nobilitie and the Commons, with gun powder .. 210 $aImprinted at London $cby Robert Barker, Printer to the Kings most Excellent Maiestie.$d1605. 215 $a1 sheet ([1] p.) 300 $aTitle taken from caption and first lines of text. 300 $aAt bottom of text: Giuen at our pallace of Westminster, the fift [sic] day of Nouember 1605. in the third yeere of our reigne of Great Britaine. 300 $aLast indented line to right of init. begins: 'vnder'. Cf. STC (2nd ed.). 300 $aInitial. 300 $aReproduction of original in: Queen's College (University of Oxford). Library. 330 $aeebo-0119 606 $aGunpowder Plot, 1605$vEarly works to 1800 607 $aGreat Britain$xHistory$yJames I, 1603-1625$vSources$vEarly works to 1800 608 $aBroadsides$zEngland$y17th century.$2rbgenr 608 $aProclamations$zEngland$y17th century.$2rbgenr 615 0$aGunpowder Plot, 1605 701 $aJames$cKing of England,$f1566-1625.$01001019 801 0$bUMI 801 1$bUMI 801 2$bUMI 906 $aBOOK 912 $a996395382803316 996 $aBy the King$92299281 997 $aUNISA LEADER 01414nam a2200349 i 4500 001 991000904079707536 005 20020507175550.0 008 931020s1977 us ||| | eng 020 $a0691081905 035 $ab10773599-39ule_inst 035 $aLE01304092$9ExL 040 $aDip.to Matematica$beng 082 0 $a514.7 084 $aAMS 57-06 084 $aAMS 57R05 084 $aAMS 57R10 100 1 $aKirby, Robion C.$0441130 245 10$aFoundational essays on topological manifolds, smoothings, and triangulations /$cRobion C. Kirby, Laurence C. Siebenmann 260 $aTokio :$bTokio Univ. Press ; Princeton, N. J. : Princeton Univ. Press,$c1977 300 $av, 355 p. ;$c24 cm. 490 0 $aAnnals of mathematics studies ;$v88 650 0$aManifolds-collections 650 0$aSmoothing-collections 650 0$aTriangulations-collections 700 1 $aSiebenmann, Laurence Carl 907 $a.b10773599$b23-02-17$c28-06-02 912 $a991000904079707536 945 $aLE013 57R KIR11 C.1 (1977)$g1$i2013000131009$lle013$o-$pE0.00$q-$rl$s- $t0$u1$v0$w1$x0$y.i10872231$z28-06-02 945 $aLE013 57R KIR11 C.2 (1977)$g1$i2013000131016$lle013$o-$pE0.00$q-$rl$s- $t0$u1$v0$w1$x0$y.i10872243$z28-06-02 996 $aFoundational essays on topological manifolds, smoothings, and triangulations$9922675 997 $aUNISALENTO 998 $ale013$b01-01-93$cm$da $e-$feng$gus $h0$i2 LEADER 03257nam 2200601Ia 450 001 9910780474703321 005 20230607214355.0 010 $a1-283-90386-5 010 $a1-4175-0162-6 010 $a1-84642-334-1 035 $a(CKB)111087028265868 035 $a(EBL)290754 035 $a(OCoLC)567905603 035 $a(SSID)ssj0000103069 035 $a(PQKBManifestationID)11140706 035 $a(PQKBTitleCode)TC0000103069 035 $a(PQKBWorkID)10060932 035 $a(PQKB)11650927 035 $a(MiAaPQ)EBC290754 035 $a(Au-PeEL)EBL290754 035 $a(CaPaEBR)ebr10064451 035 $a(CaONFJC)MIL421636 035 $a(EXLCZ)99111087028265868 100 $a20041017d2002 my 0 101 0 $aeng 135 $aur|n|---||||| 181 $ctxt 182 $cc 183 $acr 200 00$aAnalytical music therapy$b[electronic resource] /$fedited by Johannes Th. Eschen 210 $aLondon ;$aPhiladelphia $cJessica Kingsley Publishers$d2002 215 $a1 online resource (226 p.) 300 $aDescription based upon print version of record. 311 $a1-84985-698-2 311 $a1-84310-058-4 320 $aIncludes bibliographical references and index. 327 $aAnalytical Music Therapy; Contents; Preface; Part 1; 1. Analytical Music Therapy - Origin and Development; 2. Analytical Music Therapy - Introduction; 3. Theoretical Bases of Analytical Music Therapy; Part 2; 4. Some Considerations on the Treatment Techniques of Psychoanalytically-Established Music Therapy; 5. Analytical Music Therapy with Adults in Mental Health and in Counselling Work; 6. The Sound of Silence - The Use of Analytical Music Therapy Techniques with a Nonverbal Client; 7. The Psychodynamic Function of Music in Analytical Music Therapy with Children 327 $a8. The Role of Music in Analytical Music Therapy - Music as a Carrier of Stories9. Improvisation as a Musical Healing Tool and Life Approach - Theoretical and Clinical Applications of Analytical Music Therapy Improvisation in a Short-and Long-term Rehabilitation Facility; Part 3; 10. Supervision of Music Therapy Students in a Music Therapy Graduate Training Programme; 11. Self-Experience for Music Therapy Students - Experiential Training in Music Therapy as a Methodology - A Mandatory Part of the Music Therapy Programme at Aalborg University 327 $a12. Psychodynamic Movement - A Basic Training Methodology for Music TherapistsThe Contributors; Subject index; Name index 330 $aThe book examines the origins and theory of AMT (including a contribution on the subject from Mary Priestley), before exploring its uses in various contexts. Chapters cover AMT in counselling and rehabilitation, with adults and children and with nonverbal clients. A concluding section discusses aspects of the training of music therapy students. 606 $aMusic therapy$vMethods 606 $aTherapeutics 615 0$aMusic therapy 615 0$aTherapeutics. 676 $a615.85154 701 $aEschen$b Johannes Th$01499017 801 0$bMiAaPQ 801 1$bMiAaPQ 801 2$bMiAaPQ 906 $aBOOK 912 $a9910780474703321 996 $aAnalytical music therapy$93724823 997 $aUNINA